LIBRARY ONLINE CATALOGUE

Haggai, Zechariah and Malachi : (Record no. 20957)

MARC details
000 -LEADER
fixed length control field 01331cam a2200373 i 4500
001 - CONTROL NUMBER
control field 17196752
003 - CONTROL NUMBER IDENTIFIER
control field OSt
005 - DATE AND TIME OF LATEST TRANSACTION
control field 20251208105634.0
008 - FIXED-LENGTH DATA ELEMENTS--GENERAL INFORMATION
fixed length control field 120306s2012 ilu b 000 0 eng
010 ## - LIBRARY OF CONGRESS CONTROL NUMBER
LC control number 2012009669
020 ## - INTERNATIONAL STANDARD BOOK NUMBER
International Standard Book Number 9780830842827
Qualifying information pbk. : alk. paper
035 ## - SYSTEM CONTROL NUMBER
System control number 17196752
040 ## - CATALOGING SOURCE
Original cataloging agency DLC
Language of cataloging eng
Description conventions rda
Transcribing agency DLC
042 ## - AUTHENTICATION CODE
Authentication code pcc
050 00 - LIBRARY OF CONGRESS CALL NUMBER
Classification number BS1655.53
Item number .H55 2012
082 00 - DEWEY DECIMAL CLASSIFICATION NUMBER
Classification number 224/.907
Edition number 23
100 1# - MAIN ENTRY--PERSONAL NAME
Personal name Hill, Andrew E.
245 10 - TITLE STATEMENT
Title Haggai, Zechariah and Malachi :
Remainder of title an introduction and commentary /
Statement of responsibility, etc. Andrew E. Hill.
260 ## - PUBLICATION, DISTRIBUTION, ETC. (IMPRINT)
Place of publication, distribution, etc. Downers Grove, Illinois :
Name of publisher, distributor, etc. IVP Academic,
Date of publication, distribution, etc. 2012.
300 ## - PHYSICAL DESCRIPTION
Extent 368 pages ;
Dimensions 21 cm.
336 ## - CONTENT TYPE
Content type term text
Source rdacontent
337 ## - MEDIA TYPE
Media type term unmediated
Source rdamedia
338 ## - CARRIER TYPE
Carrier type term volume
Source rdacarrier
490 0# - SERIES STATEMENT
Series statement Tyndale Old Testament commentaries ;
Volume/sequential designation volume 28
504 ## - BIBLIOGRAPHY, ETC. NOTE
Bibliography, etc Includes bibliographical references.
630 00 - SUBJECT ADDED ENTRY--UNIFORM TITLE
Uniform title Bible.
Name of part/section of a work Haggai
Form subdivision Commentaries.
630 00 - SUBJECT ADDED ENTRY--UNIFORM TITLE
Uniform title Bible.
Name of part/section of a work Zechariah
Form subdivision Commentaries.
630 00 - SUBJECT ADDED ENTRY--UNIFORM TITLE
Uniform title Bible.
Name of part/section of a work Malachi
Form subdivision Commentaries.
655 #7 - INDEX TERM--GENRE/FORM
Genre/form data or focus term Commentaries.
Source of term lcgft
Authority record control number https://id.loc.gov/authorities/genreForms/gf2025026014
906 ## - LOCAL DATA ELEMENT F, LDF (RLIN)
a 7
b cbc
c orignew
d 1
e ecip
f 20
g y-gencatlg
942 ## - ADDED ENTRY ELEMENTS (KOHA)
Source of classification or shelving scheme Library of Congress Classification
Koha item type General Collection
Holdings
Withdrawn status Lost status Source of classification or shelving scheme Not for loan Home library Current library Shelving location Date acquired Source of acquisition Inventory number Total Checkouts Full call number Barcode Date last seen Copy number Price effective from Koha item type
    Library of Congress Classification   Kabarak, Main Campus Kabarak, Main Campus General Stacks 08/12/2025 Donation 2025/2253   BS1655.53 .H55 2012 C.1 39196 08/12/2025 C.1 08/12/2025 General Collection